000 00334nam a2200145Ia 4500
100 _aMike tooley ba
942 _cBK
654 _aelectronics data books
245 _aEveryday electronics data books
260 _bBPB Publication
_aNew Delhi
_c1990
082 _a621.3843
_bMEK
300 _a250
546 _aENGLISH
999 _c22557
_d22557